Third Congress of the United States: At the first session, begun and held at the city of Philadelphia, in the state of Pennsylvania, on Monday the second of December one thousand seven hundred and ninety-three : An act prohibiting for a limited time the exportation of arms and ammunition, and encouraging the importation of the same.

Bibliographic Details
Corporate Author: United States
Format: eBook
Language:English
Series:Early American imprints. Evans (1639-1800) ; no. 27856.
Subjects:
Online Access:Evans Digital Edition

MARC

Tag First Indicator Second Indicator Subfields
LEADER 00000cam a2200000 a 4500
001 in00002149621
006 m e d #
007 cr mn mmmmabba
008 811028s1794 pau s f000 0 eng d
005 20260331143416.3
035 |z w014566 
035 |a MAAR8110284408B 
035 |9 mwa91-7429 
035 |a 346550 
035 |a aas03014566 
040 |a MWA  |c MWA  |e bdrb  |d UtOrBLW 
110 1 |a United States. 
240 1 0 |a Act prohibiting for a limited time 
245 1 0 |a Third Congress of the United States: At the first session, begun and held at the city of Philadelphia, in the state of Pennsylvania, on Monday the second of December one thousand seven hundred and ninety-three :  |b An act prohibiting for a limited time the exportation of arms and ammunition, and encouraging the importation of the same. 
264 3 |a [Philadelphia] :  |b [Printed by Childs and Swaine],  |c [1794] 
300 |a 1 sheet (1 unnumbered page) ;  |c 34 x 21 cm. 
336 |a text  |b txt  |2 rdacontent 
337 |a computer  |b c  |2 rdamedia 
338 |a online resource  |b cr  |2 rdacarrier 
500 |a "Approved--May the twenty second 1794." 
500 |a Francis Childs and John Swaine were printers to the Congress in 1794. 
500 |a Printed area measures 25.0 x 12.9 cm. 
510 4 |a Evans  |c 27856 
530 |a Microform version available in the Readex Early American Imprints series. 
533 |a Electronic text and image data.  |b [Chester, Vt. :  |c Readex, a division of Newsbank, Inc.,  |d 2002-2004.  |e Includes files in TIFF, GIF and PDF formats with inclusion of keyword searchable text.  |f (Early American imprints. First series ; no. 27856). 
500 |a Electronic resource. 
650 0 |a Export controls  |z United States. 
650 0 |a Military weapons  |x Law and legislation  |z United States. 
655 7 |a Broadsides.  |2 rbgenr 
740 0 |a Act prohibiting for a limited time the exportation of arms and ammunition ... 
752 |a United States  |b Pennsylvania  |d Philadelphia. 
830 0 |a Early American imprints.  |n Series I,  |p Evans (1639-1800) ;  |v no. 27856. 
856 4 1 |u http://proxy.library.tamu.edu/login?url=https://opac.newsbank.com/select/evans/27856  |y Evans Digital Edition  |t 0 
999 |a MARS 
999 f f |s 2fa0be48-e129-3175-b00b-607659158b18  |i 56ec7773-3d45-369b-8f53-432a082b4548  |t 0 
952 f f |a Texas A&M University  |b College Station  |c Electronic Resources  |s www_evans  |d Available Online  |t 0  |h No information provided 
998 f f |t 0  |l Available Online